[Event "Copa Latina 2015"]
[Site "Vicente Lopez ARG"]
[Date "2015.03.21"]
[Round "3.47"]
[White "Ferrara, Alexis"]
[Black "Moreno, Carlos"]
[Result "1/2-1/2"]
[WhiteElo "2113"]
[BlackElo "1879"]
[PlyCount "68"]
[EventDate "2015.03.19"]
[EventType "swiss"]
[EventRounds "9"]
[EventCountry "ARG"]
[Source "lmi"]
[SourceDate "2015.03.19"]

1. Nf3 Nf6 2. c4 g6 3. g3 Bg7 4. Bg2 O-O 5. O-O c5 6. d4 d6 7. dxc5 dxc5 8. Ne5
Nbd7 9. Nd3 Qc7 10. Nc3 a6 11. Na4 Rd8 12. Bf4 e5 13. Nxe5 Nxe5 14. Bxe5 Qe7
15. Bxf6 Bxf6 16. Qc2 Bf5 17. e4 Be6 18. Nb6 Rab8 19. Rad1 Bd4 20. b3 Rd6 21.
Nd5 Bxd5 22. cxd5 h5 23. Kh1 g5 24. f4 h4 25. gxh4 gxf4 26. Rxf4 Rh6 27. Qd3
Kh8 28. Rdf1 Rg8 29. Qh3 Rhg6 30. Qf5 R8g7 31. Qc8+ Kh7 32. Qf5 Kh8 33. Qc8+
Kh7 34. Qf5 Kh8 1/2-1/2

[Event "Copa Latina 2015"]
[Site "Vicente Lopez ARG"]
[Date "2015.03.21"]
[Round "3.48"]
[White "Saracho, Franco"]
[Black "Palmero, Pablo"]
[Result "0-1"]
[WhiteElo "1581"]
[BlackElo "2104"]
[PlyCount "60"]
[EventDate "2015.03.19"]
[EventType "swiss"]
[EventRounds "9"]
[EventCountry "ARG"]
[Source "lmi"]
[SourceDate "2015.03.19"]

1. e4 c5 2. c3 d5 3. e5 Nc6 4. d4 Bf5 5. Nf3 e6 6. Bb5 Qb6 7. Bxc6+ bxc6 8. O-O
Ne7 9. Re1 Nc8 10. Nbd2 Be7 11. h3 O-O 12. g4 Bg6 13. Nf1 cxd4 14. cxd4 c5 15.
b3 cxd4 16. Nxd4 Bb4 17. Re3 Ne7 18. a3 Bc5 19. Bb2 a5 20. h4 h6 21. h5 Bh7 22.
Rg3 Nc6 23. g5 Bxd4 24. Bxd4 Qxd4 25. Qxd4 Nxd4 26. Re1 hxg5 27. Nh2 Rab8 28.
Rxg5 Rxb3 29. h6 Bg6 30. hxg7 Kxg7 0-1

[Event "Copa Latina 2015"]
[Site "Vicente Lopez ARG"]
[Date "2015.03.21"]
[Round "3.51"]
[White "Carraro, Denise"]
[Black "Fuentes, Diego"]
[Result "0-1"]
[WhiteElo "2099"]
[BlackElo "1570"]
[PlyCount "44"]
[EventDate "2015.03.19"]
[EventType "swiss"]
[EventRounds "9"]
[EventCountry "ARG"]
[Source "lmi"]
[SourceDate "2015.03.19"]

1. e4 e5 2. Nf3 Nc6 3. d4 exd4 4. Nxd4 Qh4 5. Nc3 Bb4 6. Be2 Qxe4 7. Ndb5 Qe5
8. f4 Bxc3+ 9. bxc3 Qf6 10. Nxc7+ Kd8 11. Nxa8 Qxc3+ 12. Qd2 Qxa1 13. c3 Nf6
14. Bf3 Re8+ 15. Kf2 Qb1 16. Qd6 Qc2+ 17. Kg3 Qg6+ 18. Kh3 Qh6+ 19. Kg3 Nh5+
20. Bxh5 Qxd6 21. Rd1 Qxd1 22. Bxd1 Re1 0-1

[Event "Copa Latina 2015"]
[Site "Vicente Lopez ARG"]
[Date "2015.03.21"]
[Round "3.64"]
[White "Kapitanchuk, Tomas"]
[Black "Colque, Jonathan"]
[Result "0-1"]
[WhiteElo "2031"]
[BlackElo "1819"]
[PlyCount "126"]
[EventDate "2015.03.19"]
[EventType "swiss"]
[EventRounds "9"]
[EventCountry "ARG"]
[Source "lmi"]
[SourceDate "2015.03.19"]

1. e4 c5 2. Nf3 e6 3. d4 cxd4 4. Nxd4 a6 5. Be3 Qc7 6. Be2 Nf6 7. Bf3 Be7 8. c3
d6 9. Nd2 Nbd7 10. g4 Ne5 11. Be2 b5 12. g5 Nfd7 13. a4 bxa4 14. Qxa4 Bb7 15.
f4 Nc6 16. Rg1 Nc5 17. Qc2 g6 18. f5 e5 19. N4b3 Nxb3 20. Qxb3 gxf5 21. exf5 d5
22. Bh5 Nd8 23. Bb6 Qd7 24. Bg4 Bxg5 25. Nf3 Bf6 26. O-O-O Qb5 27. Qxb5+ axb5
28. Rge1 Ra1+ 29. Kc2 Rxd1 30. Kxd1 Nc6 31. Nd4 Kd7 32. Nxb5 Ba6 33. Na7 Rb8
34. Nxc6 Kxc6 35. Be3 Rxb2 36. h3 Bd3 37. Bh5 Rb1+ 38. Kd2 Rxe1 39. Kxe1 Bxf5
40. Bxf7 Bxh3 41. Kf2 e4 42. c4 d4 43. Bd5+ Kc5 44. Bxe4 Bh4+ 45. Ke2 dxe3 46.
Kxe3 Bg5+ 47. Kf3 h6 48. Bd5 Kd4 49. Kg3 Bf5 50. Bf7 Ke3 51. c5 Bf4+ 52. Kh4
Bd7 53. Bd5 Bg5+ 54. Kg3 h5 55. c6 h4+ 56. Kh2 Bf4+ 57. Kg2 Bf5 58. Kg1 h3 59.
Kh1 Bg4 60. c7 Bxc7 61. Bc6 Kf2 62. Bb7 Be2 63. Be4 Bf1 0-1

[Event "Copa Latina 2015"]
[Site "Vicente Lopez ARG"]
[Date "2015.03.21"]
[Round "3.65"]
[White "Wolfsdorf, Alexis"]
[Black "Ulloa, Gabriel"]
[Result "0-1"]
[WhiteElo "1814"]
[BlackElo "1986"]
[PlyCount "54"]
[EventDate "2015.03.19"]
[EventType "swiss"]
[EventRounds "9"]
[EventCountry "ARG"]
[Source "lmi"]
[SourceDate "2015.03.19"]

1. d4 Nf6 2. c4 g6 3. Nc3 Bg7 4. e4 d6 5. Nf3 O-O 6. Be2 e5 7. d5 Nbd7 8. Bg5
h6 9. Bh4 a5 10. Nd2 Nc5 11. O-O c6 12. f3 Qb6 13. Bf2 Qxb2 14. Rc1 Nh5 15. Rc2
Qb4 16. Qa1 a4 17. Rb1 Qa5 18. g3 f5 19. Qb2 Nf6 20. Qa3 h5 21. h3 Bh6 22. Bxc5
Qxc5+ 23. Qxc5 dxc5 24. Kg2 Rf7 25. a3 Ne8 26. Rb6 Rc7 27. g4 hxg4 0-1

[Event "Copa Latina 2015"]
[Site "Vicente Lopez ARG"]
[Date "2015.03.21"]
[Round "3.66"]
[White "Gil Garrote, Marcelo"]
[Black "Boff, Andre Ricardo"]
[Result "0-1"]
[WhiteElo "1735"]
[BlackElo "1962"]
[PlyCount "52"]
[EventDate "2015.03.19"]
[EventType "swiss"]
[EventRounds "9"]
[EventCountry "ARG"]
[Source "lmi"]
[SourceDate "2015.03.19"]

1. d4 f5 2. Nf3 g6 3. c4 Nf6 4. Nc3 Bg7 5. g3 O-O 6. Bg2 d6 7. O-O a5 8. Bf4
Na6 9. Qd2 Re8 10. Rfe1 c6 11. e4 fxe4 12. Nxe4 Nxe4 13. Rxe4 Bf5 14. Re2 Qc7
15. a3 e5 16. Rae1 Red8 17. Bh6 e4 18. Nh4 d5 19. Nxf5 gxf5 20. Bf4 Qf7 21. c5
Nc7 22. Bh3 Ne6 23. Be3 Qh5 24. Bg2 Rf8 25. Rd1 f4 26. gxf4 Qg4 0-1

[Event "Copa Latina 2015"]
[Site "Vicente Lopez ARG"]
[Date "2015.03.21"]
[Round "3.67"]
[White "Fernandez Rodriguez, Antonio"]
[Black "Dabraccio, Guillermo"]
[Result "1-0"]
[WhiteElo "1905"]
[BlackElo "1756"]
[PlyCount "41"]
[EventDate "2015.03.19"]
[EventType "swiss"]
[EventRounds "9"]
[EventCountry "ARG"]
[Source "lmi"]
[SourceDate "2015.03.19"]

1. e4 e6 2. d4 d5 3. Nc3 Bb4 4. e5 Ne7 5. Qg4 Nf5 6. Nf3 c5 7. a3 Qa5 8. Bd2
Nc6 9. dxc5 d4 10. Ne4 Bxd2+ 11. Nexd2 Qxc5 12. Qe4 O-O 13. Bd3 g6 14. Qf4 f6
15. exf6 e5 16. Qg5 Be6 17. g4 e4 18. Bxe4 Rae8 19. O-O-O d3 20. Bxd3 Ng7 21.
Qxc5 1-0

[Event "Copa Latina 2015"]
[Site "Vicente Lopez ARG"]
[Date "2015.03.21"]
[Round "3.68"]
[White "Lallana, Daniel"]
[Black "Guanca, Felipe"]
[Result "*"]
[WhiteElo "1901"]
[BlackElo "1715"]
[PlyCount "71"]
[EventDate "2015.03.19"]
[EventType "swiss"]
[EventRounds "9"]
[EventCountry "ARG"]
[Source "lmi"]
[SourceDate "2015.03.19"]

1. c4 e6 2. Nc3 d5 3. cxd5 exd5 4. d4 Nf6 5. Bg5 Be7 6. e3 O-O 7. Bd3 c6 8. Nf3
Ne4 9. Bxe7 Qxe7 10. Qb3 Kh8 11. Ne2 Bg4 12. Ne5 Bxe2 13. Bxe2 f6 14. Nf3 g5
15. h3 f5 16. Ne5 a5 17. a3 f4 18. Bf3 Nd6 19. O-O-O Nd7 20. exf4 Rxf4 21. Rhe1
Nxe5 22. Rxe5 Qg7 23. g3 Rxd4 24. Rde1 Ne4 25. Bxe4 Qxe5 26. Qxb7 Rxe4 27.
Qxa8+ Kg7 28. Rxe4 Qxe4 29. Qxa5 d4 30. Qxg5+ Kh8 31. Qd8+ Kg7 32. Qd7+ Kh8 33.
Qc8+ Kg7 34. Qg4+ Qxg4 35. hxg4 Kf6 36. f4 *

[Event "Copa Latina 2015"]
[Site "Vicente Lopez ARG"]
[Date "2015.03.21"]
[Round "3.69"]
[White "Katopodis, Santiago"]
[Black "Da Silva, Joao Carlos Orguim"]
[Result "0-1"]
[WhiteElo "1655"]
[BlackElo "1895"]
[PlyCount "64"]
[EventDate "2015.03.19"]
[EventType "swiss"]
[EventRounds "9"]
[EventCountry "ARG"]
[Source "lmi"]
[SourceDate "2015.03.19"]

1. e4 c5 2. Nf3 Nc6 3. d4 cxd4 4. Nxd4 g6 5. Be3 Bg7 6. f3 Qb6 7. c3 Qxb2 8.
Nc2 Bxc3+ 9. Nxc3 Qxc3+ 10. Kf2 Nf6 11. Be2 d6 12. Nd4 Qa5 13. Bc4 Ne5 14. Nb3
Qd8 15. Rc1 Nxc4 16. Rxc4 Be6 17. Rb4 b6 18. Nd4 Bd7 19. Qb3 O-O 20. Rc1 Rc8
21. Rxc8 Qxc8 22. a4 Qc7 23. Rc4 Qb8 24. Rc3 Rc8 25. Rxc8+ Qxc8 26. Nb5 Bxb5
27. axb5 Kg7 28. Bd4 e5 29. Be3 Qb7 30. g3 Nd7 31. Qb2 Nc5 32. Bxc5 bxc5 0-1

[Event "Copa Latina 2015"]
[Site "Vicente Lopez ARG"]
[Date "2015.03.21"]
[Round "3.70"]
[White "Lang, German"]
[Black "Lopez, Cesar (per)"]
[Result "0-1"]
[WhiteElo "1887"]
[BlackElo "1686"]
[PlyCount "41"]
[EventDate "2015.03.19"]
[EventType "swiss"]
[EventRounds "9"]
[EventCountry "ARG"]
[Source "lmi"]
[SourceDate "2015.03.19"]

1. e4 e6 2. d4 d5 3. Nc3 Nf6 4. exd5 exd5 5. Nf3 Bg4 6. Be2 c6 7. Bg5 Nbd7 8.
Ne5 Be6 9. O-O Be7 10. f4 g6 11. Bh6 c5 12. Kh1 cxd4 13. Nb5 Bc5 14. Nxd4 Qb6
15. Nxe6 fxe6 16. Bf3 Nxe5 17. fxe5 Nd7 18. Bf4 O-O 19. b4 Bd4 20. c3 Bxe5 21.
Bg5 0-1

[Event "Copa Latina 2015"]
[Site "Vicente Lopez ARG"]
[Date "2015.03.21"]
[Round "3.72"]
[White "Albistur, Damian"]
[Black "Coro, Richard"]
[Result "1/2-1/2"]
[WhiteElo "1860"]
[BlackElo "1617"]
[PlyCount "78"]
[EventDate "2015.03.19"]
[EventType "swiss"]
[EventRounds "9"]
[EventCountry "ARG"]
[Source "lmi"]
[SourceDate "2015.03.19"]

1. e4 e5 2. Nf3 Nc6 3. Bb5 Nf6 4. d3 d6 5. O-O a6 6. Ba4 Be7 7. c3 O-O 8. Re1
h6 9. Nbd2 Re8 10. Nf1 Nh7 11. d4 b5 12. Bb3 Na5 13. dxe5 Nxb3 14. Qxb3 Be6 15.
Qc2 dxe5 16. Nxe5 Bc5 17. Bf4 Qf6 18. Bg3 h5 19. Nf3 Rac8 20. Ne3 Ng5 21. Nxg5
Qxg5 22. h4 Qg6 23. Kh1 Bd7 24. Nd5 Bc6 25. Rad1 Rcd8 26. Nxc7 Rxd1 27. Qxd1
Rxe4 28. Rxe4 Qxe4 29. f3 Qe7 30. Nxa6 Bb6 31. Kh2 Qe3 32. Nb4 Bb7 33. a3 g6
34. Nc2 Qe6 35. Nd4 Qd5 36. Qe2 Bxd4 37. cxd4 Qxd4 38. Qe8+ Kh7 39. Be5 Qxh4+
1/2-1/2

[Event "Copa Latina 2015"]
[Site "Vicente Lopez ARG"]
[Date "2015.03.21"]
[Round "4.1"]
[White "Real De Azua, Ernesto"]
[Black "Bachmann, Axel"]
[Result "1/2-1/2"]
[WhiteElo "2435"]
[BlackElo "2614"]
[PlyCount "40"]
[EventDate "2015.03.19"]
[EventType "swiss"]
[EventRounds "9"]
[EventCountry "ARG"]
[Source "lmi"]
[SourceDate "2015.03.19"]

1. d4 Nf6 2. c4 e6 3. Nc3 Bb4 4. Nf3 b6 5. Bg5 h6 6. Bh4 Bb7 7. e3 Bxc3+ 8.
bxc3 d6 9. Nd2 Nbd7 10. f3 Qe7 11. Bd3 g5 12. Bf2 c5 13. a4 a5 14. Qc2 O-O-O
15. O-O-O Nh5 16. Rhe1 f5 17. e4 f4 18. e5 dxe5 19. Be4 Ba6 20. Bc6 cxd4
1/2-1/2

[Event "Copa Latina 2015"]
[Site "Vicente Lopez ARG"]
[Date "2015.03.21"]
[Round "4.2"]
[White "Cori, Jorge"]
[Black "Dos Santos, Ramiro"]
[Result "1-0"]
[WhiteElo "2596"]
[BlackElo "2431"]
[PlyCount "83"]
[EventDate "2015.03.19"]
[EventType "swiss"]
[EventRounds "9"]
[EventCountry "ARG"]
[Source "lmi"]
[SourceDate "2015.03.19"]

1. d4 Nf6 2. c4 g6 3. Nc3 d5 4. Nf3 Bg7 5. h4 c6 6. Bf4 O-O 7. e3 Bg4 8. Qb3
Bxf3 9. gxf3 Qb6 10. Bh2 Nbd7 11. Qxb6 Nxb6 12. c5 Nbd7 13. Rc1 Rfe8 14. f4 b6
15. b4 bxc5 16. bxc5 Rab8 17. Bh3 e6 18. O-O Nh5 19. f5 Rb4 20. fxe6 fxe6 21.
Bd6 Nf8 22. Rb1 a5 23. a3 Rc4 24. Rfc1 e5 25. Nxd5 Rxc1+ 26. Rxc1 exd4 27. Ne7+
Kf7 28. Nxc6 dxe3 29. fxe3 Rxe3 30. Bg2 Ke6 31. Kf2 Rxa3 32. Re1+ Kf6 33. Be5+
Kf7 34. Bd5+ Ne6 35. Nd8+ Ke7 36. Nxe6 Bxe5 37. Rxe5 Nf6 38. Nd4+ Kd7 39. Bf3
Ra2+ 40. Kg3 Ra3 41. c6+ Kd8 42. Nb5 1-0

[Event "Copa Latina 2015"]
[Site "Vicente Lopez ARG"]
[Date "2015.03.21"]
[Round "4.3"]
[White "Molina, Roberto Junio Brito"]
[Black "Morovic Fernandez, Ivan"]
[Result "1/2-1/2"]
[WhiteElo "2431"]
[BlackElo "2568"]
[PlyCount "70"]
[EventDate "2015.03.19"]
[EventType "swiss"]
[EventRounds "9"]
[EventCountry "ARG"]
[Source "lmi"]
[SourceDate "2015.03.19"]

1. d4 Nf6 2. c4 g6 3. Nc3 Bg7 4. e4 d6 5. Nf3 O-O 6. Be2 e5 7. O-O Nc6 8. d5
Ne7 9. b4 Nh5 10. g3 a5 11. bxa5 Rxa5 12. Nd2 Nf6 13. Nb3 Ra8 14. c5 Ne8 15.
Bf3 f5 16. a4 Nf6 17. Ba3 fxe4 18. Nxe4 Nxe4 19. Bxe4 Rxa4 20. Nd2 Ra8 21. cxd6
cxd6 22. Qb3 Nf5 23. Bb2 Rxa1 24. Rxa1 Nd4 25. Qd3 Bd7 26. Nc4 Qc7 27. Bxd4
exd4 28. Rb1 Qc5 29. Rxb7 Bc8 30. Rb6 Bd7 31. Rb7 Bc8 32. Rb6 Bd7 33. Rb7 Bc8
34. Rb6 Bd7 35. Rb7 Bc8 1/2-1/2

[Event "Copa Latina 2015"]
[Site "Vicente Lopez ARG"]
[Date "2015.03.21"]
[Round "4.4"]
[White "Rios, Cristhian Camilo"]
[Black "Obregon, Andres Carlos"]
[Result "1/2-1/2"]
[WhiteElo "2415"]
[BlackElo "2531"]
[PlyCount "34"]
[EventDate "2015.03.19"]
[EventType "swiss"]
[EventRounds "9"]
[EventCountry "ARG"]
[Source "lmi"]
[SourceDate "2015.03.19"]

1. d4 Nf6 2. c4 g6 3. Nc3 d5 4. cxd5 Nxd5 5. e4 Nxc3 6. bxc3 Bg7 7. Nf3 c5 8.
Be2 O-O 9. Rb1 b6 10. O-O Bb7 11. Qd3 Nd7 12. d5 Re8 13. Bg5 Qc7 14. Rbd1 Nf6
15. c4 e5 16. Nd2 h6 17. Bh4 Bc8 1/2-1/2

[Event "Copa Latina 2015"]
[Site "Vicente Lopez ARG"]
[Date "2015.03.21"]
[Round "4.5"]
[White "Rodriguez Vila, Andres"]
[Black "Della Morte, German"]
[Result "0-1"]
[WhiteElo "2492"]
[BlackElo "2401"]
[PlyCount "78"]
[EventDate "2015.03.19"]
[EventType "swiss"]
[EventRounds "9"]
[EventCountry "ARG"]
[Source "lmi"]
[SourceDate "2015.03.19"]

1. e4 e5 2. Nf3 Nc6 3. Bc4 Nf6 4. Ng5 d5 5. exd5 Na5 6. Bb5+ c6 7. dxc6 bxc6 8.
Bd3 Be7 9. Nc3 Nd5 10. Nf3 Nf4 11. Bf1 Ng6 12. d3 O-O 13. g3 c5 14. Bg2 Rb8 15.
O-O f5 16. h4 Bf6 17. Ng5 Ne7 18. Na4 Qc7 19. Be3 h6 20. Qh5 hxg5 21. hxg5 g6
22. Qh1 Bg7 23. Bxc5 Be6 24. b4 Kf7 25. Bf3 Rh8 26. Qg2 e4 27. dxe4 Bxa1 28.
Rxa1 Nc4 29. Bxe7 Qxe7 30. exf5 gxf5 31. Nc5 Ne5 32. Re1 Qd6 33. Rd1 Nxf3+ 34.
Qxf3 Qe5 35. a3 Rbd8 36. c4 Rxd1+ 37. Qxd1 Bxc4 38. Qd7+ Kg6 39. Qc6+ Kg7 0-1

[Event "Copa Latina 2015"]
[Site "Vicente Lopez ARG"]
[Date "2015.03.21"]
[Round "4.6"]
[White "Pichot, Alan"]
[Black "Paveto, Kevin"]
[Result "1-0"]
[WhiteElo "2482"]
[BlackElo "2397"]
[PlyCount "135"]
[EventDate "2015.03.19"]
[EventType "swiss"]
[EventRounds "9"]
[EventCountry "ARG"]
[Source "lmi"]
[SourceDate "2015.03.19"]

1. e4 e5 2. Nf3 Nc6 3. Bb5 a6 4. Ba4 Nf6 5. Qe2 d6 6. c3 Be7 7. O-O O-O 8. d4
Bg4 9. Rd1 Nd7 10. h3 Bxf3 11. Qxf3 Bg5 12. Bxc6 bxc6 13. Nd2 Re8 14. Nc4 Bxc1
15. Raxc1 Rb8 16. b3 Qe7 17. Ne3 Rb6 18. Re1 g6 19. Qg3 Qf6 20. Qg4 Qe6 21. Qd1
Qf6 22. Nc4 Rbb8 23. Na5 Rb6 24. Qg4 Re7 25. Rcd1 h5 26. Qg3 Re8 27. dxe5 Qxe5
28. Qxe5 Nxe5 29. f4 Nd7 30. e5 Nf8 31. exd6 Rxe1+ 32. Rxe1 cxd6 33. Nc4 Rb8
34. Re7 Ne6 35. g3 h4 36. Kg2 hxg3 37. Kxg3 Ng7 38. Ra7 Nf5+ 39. Kf3 Re8 40.
Rxa6 d5 41. Ne5 f6 42. Ng4 Re6 43. Ra7 d4 44. cxd4 Nxd4+ 45. Kf2 f5 46. Ne5 g5
47. Nf3 Re2+ 48. Kf1 Re4 49. Nxg5 Rxf4+ 50. Kg2 Kf8 51. Rb7 Ke8 52. a4 Kd8 53.
a5 Kc8 54. a6 Nb5 55. Ne6 Re4 56. Nc5 Re2+ 57. Kf3 Ra2 58. Kf4 Rf2+ 59. Kg5
Rg2+ 60. Kf6 Ra2 61. Rf7 f4 62. Kg5 Rg2+ 63. Kh4 Rc2 64. b4 f3 65. a7 Nxa7 66.
Rxa7 Rc4+ 67. Kg3 Rxb4 68. Ra8+ 1-0

[Event "Copa Latina 2015"]
[Site "Vicente Lopez ARG"]
[Date "2015.03.21"]
[Round "4.7"]
[White "Pierrot, Facundo"]
[Black "Mekhitarian, Krikor Sevag"]
[Result "1/2-1/2"]
[WhiteElo "2380"]
[BlackElo "2556"]
[PlyCount "32"]
[EventDate "2015.03.19"]
[EventType "swiss"]
[EventRounds "9"]
[EventCountry "ARG"]
[Source "lmi"]
[SourceDate "2015.03.19"]

1. d4 f5 2. g3 Nf6 3. Bg2 g6 4. c4 Bg7 5. Nc3 O-O 6. Nf3 d6 7. O-O c6 8. d5 e5
9. dxe6 Bxe6 10. Qd3 Na6 11. Ng5 Bc8 12. Rd1 h6 13. Nf3 Nc5 14. Qxd6 Qxd6 15.
Rxd6 g5 16. Rd1 Nfe4 1/2-1/2

[Event "Copa Latina 2015"]
[Site "Vicente Lopez ARG"]
[Date "2015.03.21"]
[Round "4.8"]
[White "Escalante Ramirez, Brian Sebas"]
[Black "Perez Ponsa, Federico"]
[Result "1/2-1/2"]
[WhiteElo "2365"]
[BlackElo "2540"]
[PlyCount "138"]
[EventDate "2015.03.19"]
[EventType "swiss"]
[EventRounds "9"]
[EventCountry "ARG"]
[Source "lmi"]
[SourceDate "2015.03.19"]

1. e4 c5 2. Nf3 d6 3. d4 cxd4 4. Nxd4 Nf6 5. Nc3 a6 6. Be2 e5 7. Nf3 h6 8. h3
Be7 9. O-O Be6 10. Re1 Nbd7 11. Be3 Rc8 12. Nh2 Nb6 13. Ng4 Nfd7 14. Bxb6 Qxb6
15. Ne3 Qxb2 16. Ncd5 Bxd5 17. Rb1 Qd4 18. Qxd4 exd4 19. Nxd5 Nc5 20. Bg4 Rd8
21. e5 Kf8 22. e6 fxe6 23. Bxe6 h5 24. Bc8 Bg5 25. Bxb7 Rb8 26. Bc6 Kf7 27. Nb6
Bd2 28. Red1 Bc3 29. Na4 Nxa4 30. Bxa4 Ke6 31. Rxb8 Rxb8 32. Bb3+ d5 33. g3 g5
34. Kg2 a5 35. Kf3 Ke5 36. Ke2 Kd6 37. Kf3 Re8 38. Ba4 Rb8 39. Bb3 Rb4 40. a4
Rb7 41. Rb1 Re7 42. Ba2 Bb4 43. Bb3 Bc5 44. Rf1 Re4 45. Rd1 Bb4 46. Kg2 Kc5 47.
Kf1 Re5 48. Rd3 Bc3 49. f4 gxf4 50. gxf4 Rf5 51. Rf3 Bd2 52. Ke2 Bxf4 53. Kd3
h4 54. Ba2 Rf6 55. Bb3 Rf7 56. Ba2 Kd6 57. Kxd4 Be5+ 58. Ke3 Bd4+ 59. Ke2 Re7+
60. Kd3 Be5 61. Rf8 Kc5 62. Rc8+ Bc7 63. Rh8 Re4 64. Rc8 Kd6 65. Bxd5 Rxa4 66.
Bf3 Rf4 67. Bg4 Bb6 68. Rc4 Rxc4 69. Kxc4 Ke5 1/2-1/2

[Event "Copa Latina 2015"]
[Site "Vicente Lopez ARG"]
[Date "2015.03.21"]
[Round "4.9"]
[White "Valerga, Diego"]
[Black "Villanueva, Mario"]
[Result "1/2-1/2"]
[WhiteElo "2482"]
[BlackElo "2430"]
[PlyCount "33"]
[EventDate "2015.03.19"]
[EventType "swiss"]
[EventRounds "9"]
[EventCountry "ARG"]
[Source "lmi"]
[SourceDate "2015.03.19"]

1. d4 Nf6 2. c4 g6 3. Nc3 Bg7 4. e4 d6 5. Nf3 O-O 6. Be2 e5 7. O-O exd4 8. Nxd4
Re8 9. f3 Nc6 10. Be3 Nh5 11. Qd2 Nxd4 12. Bxd4 Nf4 13. Be3 Nxe2+ 14. Nxe2 f5
15. Bg5 Qd7 16. Ng3 Qf7 17. Rac1 1/2-1/2

[Event "Copa Latina 2015"]
[Site "Vicente Lopez ARG"]
[Date "2015.03.21"]
[Round "4.10"]
[White "Mayorga, Nicolas"]
[Black "Dolezal, Cristian"]
[Result "1-0"]
[WhiteElo "2325"]
[BlackElo "2457"]
[PlyCount "147"]
[EventDate "2015.03.19"]
[EventType "swiss"]
[EventRounds "9"]
[EventCountry "ARG"]
[Source "lmi"]
[SourceDate "2015.03.19"]

1. d4 g6 2. e4 Bg7 3. Nc3 d6 4. f4 Nc6 5. Nf3 Bg4 6. Be3 Bxf3 7. gxf3 e6 8. Qd2
d5 9. O-O-O Nce7 10. h4 Nf6 11. f5 exf5 12. Bh6 Rg8 13. Bxg7 Rxg7 14. Qg5 Nh5
15. Bh3 f6 16. Qd2 Qd6 17. exf5 c6 18. Rde1 Qf4 19. Re3 Kf8 20. fxg6 Nxg6 21.
Bg4 Ng3 22. Ne2 Nxe2+ 23. Rxe2 Qxd2+ 24. Kxd2 Nf4 25. Re3 h5 26. Bh3 Kf7 27.
Rb3 Kf8 28. Bf1 Re8 29. Re3 Rge7 30. Rxe7 Rxe7 31. b4 Kf7 32. b5 cxb5 33. Bxb5
a6 34. Bd3 b5 35. c3 Ng2 36. Rh2 Nf4 37. Bf5 Rc7 38. Bc2 a5 39. Bb3 Ke7 40. Ke3
a4 41. Bc2 Ne6 42. Kd2 Kd6 43. a3 Rg7 44. Bd3 Kc6 45. Bf1 Rg1 46. Ke1 Rg3 47.
Kf2 Rg7 48. Ke3 Re7 49. Rb2 Nc5+ 50. Kf4 Nb3 51. Be2 Kb6 52. Bd1 Nc1 53. Kf5
Re3 54. Bxa4 Rxf3+ 55. Ke6 Rxc3 56. Rxb5+ Kc7 57. Rc5+ Rxc5 58. dxc5 Nd3 59.
Kxf6 Nxc5 60. Bd1 Kd6 61. Bxh5 Ne4+ 62. Kg7 Ke5 63. Bd1 Ng3 64. h5 Nf5+ 65. Kg6
Ne7+ 66. Kf7 Nf5 67. Bc2 d4 68. a4 Kf4 69. Kf6 Ne3 70. h6 Ng4+ 71. Kg7 Nxh6 72.
Kxh6 Ke5 73. a5 Kd5 74. a6 1-0

[Event "Copa Latina 2015"]
[Site "Vicente Lopez ARG"]
[Date "2015.03.21"]
[Round "4.11"]
[White "Acosta, Pablo Ismael"]
[Black "Salinas Herrera, Pablo"]
[Result "1-0"]
[WhiteElo "2304"]
[BlackElo "2440"]
[PlyCount "81"]
[EventDate "2015.03.19"]
[EventType "swiss"]
[EventRounds "9"]
[EventCountry "ARG"]
[Source "lmi"]
[SourceDate "2015.03.19"]

1. c4 e5 2. g3 Nf6 3. Bg2 c6 4. d4 exd4 5. Qxd4 d5 6. Nf3 dxc4 7. Qxd8+ Kxd8 8.
O-O Nbd7 9. Nbd2 Nb6 10. Rd1 Ke8 11. Ne5 Be6 12. Ndf3 Bc5 13. Ng5 Ke7 14. Nxe6
fxe6 15. Bf4 Rad8 16. Rdc1 Bd4 17. Nxc4 Nxc4 18. Rxc4 Rd7 19. Rb1 e5 20. Bg5 h6
21. Bxf6+ Kxf6 22. b4 Rhd8 23. Bf3 Bb6 24. e3 Rf8 25. Rc2 Ke7 26. Be4 Rfd8 27.
Rbb2 Rc7 28. a4 a6 29. Kg2 Rdd7 30. h4 Kf6 31. h5 Kg5 32. Bf3 Re7 33. Rc4 Kf6
34. Kh3 Rcd7 35. Rg4 Ba7 36. Rg6+ Kf7 37. b5 cxb5 38. axb5 axb5 39. Rxb5 Rc7
40. Be4 Kf8 41. Rd6 1-0

[Event "Copa Latina 2015"]
[Site "Vicente Lopez ARG"]
[Date "2015.03.21"]
[Round "4.12"]
[White "Quiroga, Facundo"]
[Black "Slipak, Sergio"]
[Result "1/2-1/2"]
[WhiteElo "2261"]
[BlackElo "2436"]
[PlyCount "66"]
[EventDate "2015.03.19"]
[EventType "swiss"]
[EventRounds "9"]
[EventCountry "ARG"]
[Source "lmi"]
[SourceDate "2015.03.19"]

1. d4 d5 2. c4 e6 3. Nc3 a6 4. cxd5 exd5 5. Nf3 Nf6 6. Bg5 Be6 7. e3 Nbd7 8.
Be2 Bd6 9. O-O c6 10. Bh4 O-O 11. Bg3 Bxg3 12. hxg3 Ne4 13. Nd2 f5 14. Re1 Ndf6
15. Nf1 Qd6 16. Rc1 Rae8 17. a3 Bc8 18. f4 Nxc3 19. Rxc3 Ne4 20. Rc1 Qh6 21.
Bf3 Nd6 22. Nd2 g5 23. Qb3 g4 24. Be2 Qf6 25. Kf2 Re7 26. Qc3 Rfe8 27. Bd3 h5
28. Re2 h4 29. Nf1 Rh7 30. gxh4 Rxh4 31. Ng3 Kf7 32. Ree1 Qe7 33. Qd2 Reh8
1/2-1/2

[Event "Copa Latina 2015"]
[Site "Vicente Lopez ARG"]
[Date "2015.03.21"]
[Round "4.14"]
[White "Flores, Diego"]
[Black "Seia, Diego"]
[Result "1-0"]
[WhiteElo "2569"]
[BlackElo "2189"]
[PlyCount "77"]
[EventDate "2015.03.19"]
[EventType "swiss"]
[EventRounds "9"]
[EventCountry "ARG"]
[Source "lmi"]
[SourceDate "2015.03.19"]

1. c4 Nf6 2. Nc3 g6 3. e4 d6 4. g3 Bg7 5. Bg2 O-O 6. Nge2 c5 7. d3 Nc6 8. O-O
Rb8 9. h3 Nd7 10. Be3 Nd4 11. Rb1 Nxe2+ 12. Qxe2 Ne5 13. Kh2 Nc6 14. Qd2 Bd7
15. a3 Nd4 16. b4 e6 17. f4 b6 18. Ne2 Rc8 19. bxc5 bxc5 20. Nxd4 cxd4 21. Bf2
Qc7 22. Rb2 Qc5 23. Qb4 Bc6 24. Qxc5 dxc5 25. e5 Bxg2 26. Kxg2 Rc6 27. Rb5 Rfc8
28. Rfb1 Bf8 29. Be1 Ra6 30. Ba5 h6 31. Kf3 Kg7 32. Ke4 g5 33. Rf1 Be7 34. Rb7
Re8 35. Bc7 gxf4 36. Rxf4 Rxa3 37. Bd6 Kf8 38. Rxe7 Rxe7 39. Bxc5 1-0

[Event "Copa Latina 2015"]
[Site "Vicente Lopez ARG"]
[Date "2015.03.21"]
[Round "4.15"]
[White "Quirhuayo, Gonzalo"]
[Black "Barbosa, Evandro Amorim"]
[Result "1/2-1/2"]
[WhiteElo "2140"]
[BlackElo "2439"]
[PlyCount "116"]
[EventDate "2015.03.19"]
[EventType "swiss"]
[EventRounds "9"]
[EventCountry "ARG"]
[Source "lmi"]
[SourceDate "2015.03.19"]

1. e4 c5 2. Nf3 e6 3. c4 Nc6 4. Nc3 Nd4 5. Nxd4 cxd4 6. Ne2 e5 7. d3 Bb4+ 8.
Bd2 Qa5 9. a3 Bxd2+ 10. Qxd2 Qxd2+ 11. Kxd2 d6 12. b4 Ne7 13. g3 O-O 14. Bg2
Bd7 15. a4 Nc6 16. Rhb1 a5 17. b5 Nb8 18. h3 Be8 19. f4 f6 20. f5 Nd7 21. Nc1
Kf7 22. Bf3 Ke7 23. Nb3 Bf7 24. g4 h5 25. gxh5 Rh8 26. Rg1 Rh7 27. Rg3 b6 28.
Rag1 Rg8 29. Kc2 Kf8 30. Kb1 Bxh5 31. Bxh5 Rxh5 32. Kc2 Rh4 33. Kd2 Kf7 34. Ke2
Nf8 35. Nd2 g5 36. Nf3 Rhh8 37. Nd2 Nd7 38. Nb3 Rh4 39. Kf3 Rgh8 40. Kg2 Rf4
41. Rf1 Rhh4 42. Rh1 Ke7 43. Rh2 Kf7 44. Rh1 Kg7 45. Rh2 Kh6 46. Rh1 g4 47. Rh2
Kh5 48. Rh1 gxh3+ 49. Rhxh3 Rfg4 50. Rxg4 Kxg4 51. Rg3+ Kh5 52. Rh3 Kg5 53.
Rg3+ Rg4 54. Kh3 Rxg3+ 55. Kxg3 Nc5 56. Nxc5 dxc5 57. Kf3 Kh4 58. Kf2 Kh3
1/2-1/2